[Event "4NCL Division 3"]
[Site "Daventry Court ENG"]
[Date "2015.03.21"]
[Round "7.69"]
[White "Pollack, Oscar"]
[Black "Ogunshola, Ben"]
[Result "0-1"]
[WhiteElo "1775"]
[BlackElo "2148"]
[PlyCount "90"]
[EventDate "2015.03.21"]

1. Nf3 Nf6 2. g3 g6 3. Bg2 Bg7 4. c4 O-O 5. Nc3 d6 6. d4 c6 7. O-O Qa5 8. e4
Bg4 9. h3 Bxf3 10. Bxf3 e5 11. d5 cxd5 12. Nxd5 Nxd5 13. cxd5 Nd7 14. Bd2 Qb6
15. b4 h5 16. Qa4 Qd8 17. Rac1 Nb6 18. Qb3 Qd7 19. Bg2 Rfc8 20. Rxc8+ Rxc8 21.
Rc1 Kh7 22. Rxc8 Qxc8 23. Qc3 Qc4 24. Qxc4 Nxc4 25. Bc1 Bh6 26. Bxh6 Kxh6 27.
Kf1 Na3 28. Bf3 Nc2 29. b5 h4 30. a4 Nd4 31. Bd1 Kg5 32. a5 Nxb5 33. Ba4 Nc3
34. Bc2 b6 35. axb6 axb6 36. Ke1 Nb5 37. Bd3 Nd4 38. Kd2 f5 39. Ke3 hxg3 40.
fxg3 b5 41. Kf2 f4 42. gxf4+ Kxf4 43. Bb1 g5 44. Bd3 b4 45. Bb1 Nb3 0-1

[Event "4NCL Division 3"]
[Site "Daventry Court ENG"]
[Date "2015.03.21"]
[Round "7.70"]
[White "Froom, Oliver"]
[Black "Balouka-Myers, Gabriel"]
[Result "1-0"]
[WhiteElo "1953"]
[BlackElo "1562"]
[PlyCount "51"]
[EventDate "2015.03.21"]

1. e4 c6 2. d3 d5 3. Nd2 dxe4 4. dxe4 Nf6 5. Ngf3 Bg4 6. h3 Bxf3 7. Qxf3 Nbd7
8. g4 e6 9. g5 Ng8 10. Qg3 Qa5 11. c3 Qe5 12. f4 Qa5 13. Nb3 Qc7 14. Be3 O-O-O
15. Be2 Kb8 16. Qf2 c5 17. O-O-O Bd6 18. Rd2 c4 19. Bxc4 Qxc4 20. Rxd6 Qxe4 21.
Rhd1 Qa4 22. Nc5 Qxa2 23. Rxd7 Rxd7 24. Rxd7 b6 25. Qf3 Qa1+ 26. Kc2 1-0

[Event "4NCL Division 3"]
[Site "Daventry Court ENG"]
[Date "2015.03.21"]
[Round "7.71"]
[White "Balouka-Myers, Reuben"]
[Black "Fernando, Manel"]
[Result "1-0"]
[WhiteElo "1548"]
[BlackElo "1670"]
[PlyCount "81"]
[EventDate "2015.03.21"]

1. e4 c5 2. Nc3 d6 3. f4 Nc6 4. Nf3 e6 5. Bc4 Be7 6. O-O Nf6 7. d3 a6 8. Qe1
O-O 9. h3 b5 10. Bb3 Bb7 11. g4 Nd4 12. Be3 Qb6 13. Bxd4 cxd4 14. Ne2 a5 15. a3
a4 16. Ba2 Rac8 17. Rc1 d5 18. e5 Nd7 19. Nexd4 b4 20. axb4 Bxb4 21. c3 Bc5 22.
Rc2 Ba6 23. Rd2 Nb8 24. Kh2 Nc6 25. Nxc6 Rxc6 26. d4 Bxf1 27. dxc5 Qxc5 28. Bb1
f6 29. Qh4 h6 30. exf6 Rxf6 31. g5 hxg5 32. Qh7+ Kf8 33. Qh8+ Ke7 34. Qxg7+ Rf7
35. Qxg5+ Kf8 36. Ne5 Qe3 37. Qh6+ Ke8 38. Qh8+ Rf8 39. Bg6+ Ke7 40. Qg7+ Kd6
41. Qd7+ 1-0

[Event "4NCL Division 3"]
[Site "Daventry Court ENG"]
[Date "2015.03.21"]
[Round "7.72"]
[White "Sloan, Hamish"]
[Black "Karia, Kamlesh"]
[Result "0-1"]
[WhiteElo "1576"]
[BlackElo "1728"]
[PlyCount "144"]
[EventDate "2015.03.21"]

1. e4 e5 2. Nf3 Nc6 3. Bb5 Nge7 4. d4 exd4 5. Nxd4 g6 6. Be3 Bg7 7. c3 O-O 8.
O-O a6 9. Ba4 d6 10. Nd2 Ne5 11. h3 b5 12. Bc2 Bb7 13. f4 c5 14. N4f3 Nxf3+ 15.
Nxf3 c4 16. Bd4 f6 17. Qd2 d5 18. e5 fxe5 19. Bxe5 Qb6+ 20. Kh2 Nf5 21. Bxg7
Kxg7 22. Bxf5 Rxf5 23. Qd4+ Qxd4 24. Nxd4 Rf6 25. Rae1 Kf7 26. g3 Re8 27. Rxe8
Kxe8 28. Re1+ Kd7 29. a3 Kd6 30. Kg2 Kd7 31. Kf3 Bc8 32. g4 h6 33. Re5 Bb7 34.
h4 Rb6 35. f5 Rf6 36. Kf4 gxf5 37. Rxf5 Ke7 38. Ke5 Rg6 39. Kf4 Rf6 40. g5
hxg5+ 41. hxg5 Rg6 42. Re5+ Kf7 43. Kg4 Bc8+ 44. Kh5 Rd6 45. Nf5 Bxf5 46. Rxf5+
Kg7 47. Rf2 d4 48. cxd4 Rxd4 49. Re2 Rd7 50. Re6 a5 51. Rb6 b4 52. axb4 axb4
53. Rxb4 Rc7 54. Rb6 Kh7 55. Kg4 c3 56. bxc3 Rxc3 57. Kf4 Rc5 58. Rb7+ Kg6 59.
Rb6+ Kg7 60. Kg4 Rc4+ 61. Kh5 Rc5 62. Rb7+ Kh8 63. Kh6 Kg8 64. g6 Rc8 65. Rf7
Rc6 66. Rg7+ Kh8 67. Ra7 Rc8 68. Kg5 Rb8 69. Kf6 Kg8 70. Rg7+ Kh8 71. Re7 Kg8
72. Rg7+ 72... Kf8 {white now touched his king!} 0-1

[Event "4NCL Division 3"]
[Site "Daventry Court ENG"]
[Date "2015.03.21"]
[Round "7.73"]
[White "Willmoth, Harrison"]
[Black "Faizi, Tariq"]
[Result "1/2-1/2"]
[WhiteElo "1558"]
[BlackElo "1433"]
[PlyCount "45"]
[EventDate "2015.03.21"]

1. e4 c5 2. Nf3 d6 3. Bb5+ Bd7 4. Bxd7+ Qxd7 5. O-O g6 6. c3 Nf6 7. Re1 Nc6 8.
d4 cxd4 9. cxd4 Bg7 10. Nc3 O-O 11. Bf4 Nh5 12. Bg3 Nxg3 13. hxg3 a6 14. Qd2
Rac8 15. Rac1 Qd8 16. d5 Na5 17. b3 b5 18. Ne2 Qb6 19. Rxc8 Rxc8 20. Rc1 Rc5
21. Kh2 Nb7 22. Ne1 b4 23. Kg1 1/2-1/2

[Event "4NCL Division 3"]
[Site "Daventry Court ENG"]
[Date "2015.03.21"]
[Round "7.81"]
[White "Sizeland, Chris M"]
[Black "Hung, Dylan"]
[Result "1-0"]
[WhiteElo "1781"]
[BlackElo "1389"]
[PlyCount "79"]
[EventDate "2015.03.21"]

1. d4 d5 2. Bg5 c6 3. e3 Nf6 4. Bd3 e6 5. c3 Be7 6. Nd2 O-O 7. Bxf6 Bxf6 8.
Ngf3 Nd7 9. h4 e5 10. dxe5 Nxe5 11. Nxe5 Bxe5 12. Bxh7+ Kxh7 13. Qh5+ Kg8 14.
Qxe5 Re8 15. Qf4 Qe7 16. O-O-O Be6 17. Nf3 b5 18. Qb4 a5 19. Qxe7 Rxe7 20. Nd4
Rc8 21. a3 Rb7 22. Nb3 Ra7 23. Nc5 b4 24. Nxe6 fxe6 25. axb4 axb4 26. Kc2 bxc3
27. Kxc3 Rb8 28. Ra1 Rf7 29. Rhf1 c5 30. Ra6 e5 31. f3 c4 32. Rd6 Rb3+ 33. Kc2
Rxe3 34. Rxd5 Rb7 35. Rf2 Rf7 36. Rc5 Rf4 37. g4 e4 38. Rxc4 Rexf3 39. Rxf3
Rxf3 40. Rxe4 1-0